01009nam a22001937a 4500001000700000003002700007005001700034008004100051020001800092040004200110050002200152100002900174245006700203260007400270300003900344520025300383650008100636700009800717568794Konya_Okul_Kütüphaneleri20250528175134.0250528b |||||||| |||| 00| 0 eng d a9786059492560 bturcBoğaziçi ÜniversitesieRDA aDR721 .D3819 2018 aDatcheff, Peter. Author. aBilinmeyen İstanbul : bir Bulgar seyyahın gözüyle TEST aİstanbul Büyükşehir Belediyesi Kültür A.Ş. Yayınları. a159 pages : illustrations ; 21 cm. a19.yüzyılda ister diplomatik bir görevle, ister kendi hesabına doğuya seyahat eden gezginler bize, batılıların zihniyetini yansıtan ve dönemin birçok bakımdan anlaşılmasını sağlayan önemli malzemeler bırakmışlardır.  2İstanbul (Turkey) a History. İstanbul (TurkeyvDescription and travel. aMevsim, Hüseyin. Translator. Kaptaner, Kemal. Publishing director. Dalgalı, Fatih. Editor.